000 02856cam a2200541 i 4500
001 data
005 20260322212120.0
008 data
035 _a23230066
906 _a7
_bcbc
_ccopycat
_d3
_encip
_f20
_gy-gencatlg
925 0 _aacquire
_b1 shelf copy
_xpolicy default
010 _a 2023446996
015 _aGBC2B6228
_2bnb
016 7 _a020669117
_2Uk
020 _a9781529110074
_q(hbk.) :
020 _a1529110076
020 _z9781473565807 (ePub ebook)
035 _a(OCoLC)1338656088
040 _aUKMGB
_beng
_erda
_cUKMGB
_dDLC
_dNZAUC
_dU9X
_dOCL
_dDLC
042 _alccopycat
050 0 0 _aTX837
_b.I563 2022
082 0 4 _a641.5636
_223
100 1 _aIyer, Rukmini,
_eauthor.
245 1 0 _aIndia express :
_bfresh and delicious recipes for every day /
_cRukmini Iyer.
264 1 _aLondon :
_bSquare Peg,
_c2022.
300 _a269 pages:
_billustrations ;
_c25 cm
336 _atext
_2rdacontent
337 _aunmediated
_2rdamedia
338 _avolume
_2rdacarrier
500 _aIncludes index.
505 0 _aIntroduction -- Snacks -- Brunch -- Let's start with rice -- One-tin dishes -- One-pan dishes -- Some traditional South Indian dishes -- Some traditional Bengali dishes -- Weekend projects -- Sweets & drinks -- Menus -- Storecupboard.
520 _a"Simple, fresh and delicious East and South India-inspired recipes with a modern twist for flavourful, everyday snacks, dinners and desserts. Over 75 simple, fresh and delicious recipes from Kolkata to Chennai. From quick snacks and weeknight curries to simple desserts, Rukmini Iyer, bestselling author of the Roasting Tin series has created a collection of South Indian and Bengali-inspired recipes with a modern twist. Keeping with her ethos of 'minimum effort, maximum flavour', these dishes are vibrant, achievable and moreish. Discover simple and speedy recipes that work for every day such as- - Cheddar, Cumin & Nigella Seed Cheese Straws; - Bengali Popcorn Shrimp; - Mini Naan Pizzas with Lime & Coriander Paneer; - Green Pea, Onion & Cauliflower Pulao; - Chilli, Coconut & Lime Salmon with Roasted Cherry Tomatoes; - Mango and Cardamom Lassi"--Publisher's description.
650 0 _aVegetarian cooking.
650 0 _aPescatarian cooking.
650 0 _aCooking, Indic.
650 0 _aCooking, Bengali.
650 7 _aCooking, Bengali.
_2fast
_0(OCoLC)fst01753258
650 7 _aCooking, Indic.
_2fast
_0(OCoLC)fst01753344
650 7 _aPescatarian cooking.
_2fast
_0(OCoLC)fst01983386
650 7 _aVegetarian cooking.
_2fast
_0(OCoLC)fst01754701
655 7 _aCookbooks
_2fast
_0(OCoLC)fst01752725
655 7 _aCookbooks.
_2lcgft
776 0 8 _iebook version :
_z9781473565807
923 _apurchase
_d07-11-23
_nI-200013968
_sProQuest
985 _eVENDOR LOAD
999 _c1839
_d1839